| 000 | 00975nam0a2200289 4500 | ||
|---|---|---|---|
| 001 | RU\NLR\bibl\831346 | ||
| 005 | 20250614141723.0 | ||
| 010 |
_a5-7905-3431-7 _95000 |
||
| 021 |
_aRU _b2005-31013 _91553 |
||
| 035 | _a(NLR Aleph) 000820215 | ||
| 090 |
_a1296357 _c1296357 |
||
| 100 | _a20050816d2005 |||y0rusy50 ca | ||
| 101 | 0 | _arus | |
| 102 | _aRU | ||
| 105 | _aa ||||||||| | ||
| 200 | 1 |
_aРецепты большой магии _e[справочник-толкователь профессионального мага] _fС.В. Гордеев |
|
| 210 |
_aМосква _cРИПОЛ классик _d2005 |
||
| 215 |
_a255 с. _cил. _d21 |
||
| 225 | 1 | _aПрактическая магия | |
| 606 | 1 |
_aМагия _jСправочники _91615580 _3RU\NLR\auth\66712354 |
|
| 686 | _aЭ240.03 | ||
| 700 | 1 |
_aГордеев _bС. В. _gС В _4070 |
|
| 801 | 0 |
_aRU _bNLR _c20050816 _grcr |
|
| 801 | 1 |
_aRU _bNLR _c20050816 |
|
| 942 | _cBOOK | ||
| 980 | _aNB | ||